Navabharatha Silpikal Part II (Record no. 27043)

MARC details
000 -LEADER
fixed length control field 00411nam a2200145Ia 4500
008 - FIXED-LENGTH DATA ELEMENTS--GENERAL INFORMATION
fixed length control field 211109s9999||||xx |||||||||||||| ||und||
082 ## - DEWEY DECIMAL CLASSIFICATION NUMBER
Classification number 920.02
Item number KES-N
100 ## - MAIN ENTRY--PERSONAL NAME
Personal name Kesavamenon, K P
245 #0 - TITLE STATEMENT
Title Navabharatha Silpikal Part II
260 ## - PUBLICATION, DISTRIBUTION, ETC.
Name of publisher, distributor, etc. Mathrubhumi
Place of publication, distribution, etc. Kozhikode
Date of publication, distribution, etc. 1963
300 ## - PHYSICAL DESCRIPTION
Extent 444p.
630 ## - SUBJECT ADDED ENTRY--UNIFORM TITLE
General subdivision General Stack
650 ## - SUBJECT ADDED ENTRY--TOPICAL TERM
Topical term or geographic name entry element History
942 ## - ADDED ENTRY ELEMENTS (KOHA)
Koha item type BOOK
650 ## - SUBJECT ADDED ENTRY--TOPICAL TERM
Form subdivision IndiaGreat PersonalitiesMakers of India
General subdivision New India
Holdings
Withdrawn status Lost status Damaged status Not for loan Home library Current library Date acquired Cost, normal purchase price Total Checkouts Full call number Barcode Shelving location Date last seen Price effective from Koha item type
        SB LIBRARY SB LIBRARY 09/11/2021 100.00   920.02 KES-N 00027856 GENERAL STACK 09/11/2021 09/11/2021 BOOK

Powered by Koha